000 00607nam a2200181 a 4500
001 000025464
005 20200930023816.0
008 110216s1989 cu r 000 p spa d
040 _aDO-SdBNP
_bspa
_cBNPHU
082 _aNNN
_bQ7c
100 1 _aQuiñones, Alfonso
_d1959-
_946180
245 1 0 _aCuarto alquilado /
_cAlfonso Quiñones ; edición Luis Marré.
260 _aCiudad de La Habana :
_bUnión de Escritores y Artistas de Cuba,
_c1989.
300 _a75, [2] p. ;
_c18 cm.
586 _aPremio especial XX aniversario del concurso Davíd, 1987
700 1 _aMarré, Luis
_eed.
_917357
049 _aBNGR
999 _c24956
_d24956